Nghiệp vụ thư ký văn phòng /
Đã lưu trong:
| 主要作者: | |
|---|---|
| 其他作者: | , |
| 格式: | Sách giấy |
| 語言: | Vietnamese |
| 出版: |
Hà Nội :
Chính trị Quốc gia ,
1997
|
| 主題: | |
| 標簽: |
添加標簽
沒有標簽, 成為第一個標記此記錄!
|
| Thư viện lưu trữ: | Thư viện Trường Đại học Đà Lạt |
|---|
| LEADER | 00730nam a2200277 4500 | ||
|---|---|---|---|
| 001 | DLU020010637 | ||
| 005 | ##12/1/1999 | ||
| 041 | # | # | |a vie |
| 082 | # | # | |a 651.374 |b DU-K |
| 090 | # | # | |a 651.374 |b DU-K |
| 100 | # | # | |a Dương Văn Khảm |
| 245 | # | # | |a Nghiệp vụ thư ký văn phòng / |c Dương Văn Khảm, Nguyễn Hữu Thời, Trần Hoàng |
| 260 | # | # | |a Hà Nội : |b Chính trị Quốc gia , |c 1997 |
| 300 | # | # | |a 260 tr.; |c 19 cm. |
| 650 | # | # | |a Thư ký văn phòng. |
| 700 | # | # | |a Nguyễn Hữu Thời |
| 700 | # | # | |a Trần Hoàng |
| 992 | # | # | |a 20000 |
| 994 | # | # | |a DLU |
| 900 | # | # | |a False |
| 911 | # | # | |a Administrator |
| 925 | # | # | |a G |
| 926 | # | # | |a A |
| 927 | # | # | |a SH |
| 980 | # | # | |a Thư viện Trường Đại học Đà Lạt |